Pokémon - Attacken von Hippoterus in KA/PU - Statistiken

Allgemein
  • Dieses Quiz wurde 2 mal gespielt
  • Das Durchschnittsergebnis liegt bei 8 aus 52
Antwortstatistiken
Antwort % Korrekt
Lehmschelle
100%
Biss
50%
Bodycheck
50%
Dampfwalze
50%
Erdbeben
50%
Erholung
50%
Felsgrab
50%
Geofissur
50%
Lehmschuss
50%
Pferdestärke
50%
Risikotackle
50%
Sandgrab
50%
Steinhagel
50%
Tackle
50%
Amnesie
0%
Ausdauer
0%
Body Press
0%
Bodyslam
0%
Brandsand
0%
Brüller
0%
Delegator
0%
Donnerzahn
0%
Eisenschädel
0%
Eiszahn
0%
Entfessler
0%
Erdkräfte
0%
Fassade
0%
Feuerzahn
0%
Fluch
0%
Fruststampfer
0%
Gähner
0%
Gigastoß
0%
Horter
0%
Hyperstrahl
0%
Knirscher
0%
Lehmbrühe
0%
Rammboss
0%
Rechte Hand
0%
Sandsturm
0%
Sandwirbel
0%
Schallwelle
0%
Schaufler
0%
Schlafrede
0%
Schutzschild
0%
Sonnentag
0%
Stahlpresse
0%
Steinkante
0%
Tagedieb
0%
Tarnsteine
0%
Tera-Ausbruch
0%
Verzehrer
0%
Wirbelwind
0%
Keine übereinstimmenden Quizze gefunden
Verteilung der Resultate
Anzahl Personen mit jedem Resultat
Perzentil nach korrekt beantworteten Fragen
Ihre Resultats-Entwicklung
Sie haben dieses Quiz noch nicht gespielt